La religión del hombre

-д хадгалсан:
Номзүйн дэлгэрэнгүй
Үндсэн зохиолч: Tagore, Rabindranath, 1861-1941 (autor)
Формат: Ном
Хэл сонгох:испани
Хэвлэсэн: Barcelona RBA 2002
Цуврал:Biblioteca de la Sabiduría Oriental
Нөхцлүүд:
Шошгууд: Шошго нэмэх
Шошго байхгүй, Энэхүү баримтыг шошголох эхний хүн болох!

MARC

LEADER 00000nam a2200000 a 4500
001 UCK5223
003 CL-VaPUC
008 050715e20020000SP |||||||||||||||||spa|d
020 |a 8447323390 
082 0 4 |a 210  |b TAG  |2 21 
100 |a Tagore, Rabindranath,  |d 1861-1941  |e autor  |9 339509 
245 1 3 |a La religión del hombre 
300 |a 171 p 
942 |c BK 
945 |d 20050715 00:00:00  |a cmena 
260 |a Barcelona  |b RBA  |c 2002 
650 0 |a Filosofía del espíritu  |9 320175 
650 0 |a Naturaleza humana   |9 308593 
650 0 |a Libre albedrío  |9 334583 
650 0 |a Creencia Religiosa  |9 316904 
583 |a last modification  |c 20050715 00:00:00  |k Rodrigo Vera 
490 0 |a Biblioteca de la Sabiduría Oriental 
999 |c 313855  |d 313853 
952 |0 0  |1 0  |4 0  |6 210_000000000000000_TAG_2002  |7 0  |8 A  |9 385569  |a BIBING  |b BIBING  |d 2019-11-22  |i 4147006  |o 210 TAG 2002  |p 4147006  |r 2025-01-20  |w 2019-11-22  |y BK  |k ING